| 000 | 00900nam a22002537a 4500 | ||
|---|---|---|---|
| 005 | 20240305165411.0 | ||
| 007 | cr|||| |||| | ||
| 008 | 130405e2011 mx |||||s|||| 00||0 spa d | ||
| 020 | _a978-607-406-290-8 | ||
| 035 | _a11019 | ||
| 040 | _avLex | ||
| 090 |
_c4149 _d4149 |
||
| 100 | 1 | 0 | _aDomínguez Orozco, Jaime |
| 245 | 1 | 0 |
_aSociedades y Asociaciones Civiles 2011 _c/ Jaime Domínguez Orozco, Cuauhtémoc Reséndiz Núnez _h[Recurso electrónico] |
| 256 | _aServicio en línea | ||
| 260 |
_aMéxico D.F. : _bEdiciones Fiscales ISEF, _c2011 |
||
| 300 | _a1 Recurso electrónico | ||
| 506 | _aContenido solo disponible en los productos indicados | ||
| 650 | 0 | 4 |
_aAsociaciones, instituciones, etc. _zMéxico |
| 700 | 1 | 0 | _aReséndiz Núnez, Cuauhtémoc |
| 740 | _avLex Libros (Servicio en línea) | ||
| 856 |
_aAcceso restringido _uhttp://www.vlex.com/source/11019 |
||
| 942 | _cRAA | ||
| 999 |
_c162520 _d162520 |
||